[Event "African Games Rapid Open 2019"]
[Site "Casablanca"]
[Date "2019.08.27"]
[Round "6.16"]
[White "Asante Debesai Zerabruk"]
[Black "Gole, Habtamu Ashenafi"]
[Result "0-1"]
[WhiteElo "1712"]
[BlackElo "2046"]
[Annotator "NA"]
[PlyCount "94"]
[EventDate "2019.08.26"]
[EventType "team-tourn"]
[EventCountry "MAR"]
[SourceTitle "playchess.com"]
[Source "ChessBase"]
[SourceQuality "1"]
[TimeControl "900+10"]

1. e4 {[%emt 0:00:00]} c5 {[%emt 0:00:00]} 2. Nf3 {[%emt 0:00:00]} d6 {[%emt 0:00:00]} 3. d4 {[%emt 0:00:00]} cxd4 {[%emt 0:00:00]} 4. Nxd4 {[%emt 0:00:00]} Nf6 {[%emt 0:00:00]} 5. Nc3 {[%emt 0:00:00]} a6 {[%emt 0:00:00]} 6. f3 {[%emt 0:00:10]} e6 {[%emt 0:00:03]} 7. Be3 {[%emt 0:00:06]} Nbd7 {[%emt 0:00:04]} 8. Qd2 {[%emt 0:00:23]} Qc7 {[%emt 0:00:02]} 9. Bd3 {[%emt 0:00:40]} b5 {[%emt 0:00:04]} 10. a3 {[%emt 0:00:08]} Bb7 {[%emt 0:00:01]} 11. O-O {[%emt 0:00:14]} Rc8 {[%emt 0:00:02]} 12. Rac1 {[%emt 0:00:43]} Be7 {[%emt 0:00:02]} 13. Nce2 {[%emt 0:00:45]} Ne5 {[%emt 0:00:06]} 14. Ng3 {[%emt 0:01:18]} Nc4 {[%emt 0:00:02]} 15. Bxc4 {[%emt 0:00:11]} Qxc4 {[%emt 0:00:03]} 16. Qd3 {[%emt 0:00:53]} Qc7 {[%emt 0:01:01]} 17. Rfe1 {[%emt 0:01:19]} O-O {[%emt 0:00:04]} 18. Nf1 {[%emt 0:00:27]} Nd7 {[%emt 0:00:07]} 19. Nb3 {[%emt 0:00:22]} Ne5 {[%emt 0:00:08]} 20. Qe2 {[%emt 0:00:16]} Nc4 {[%emt 0:00:08]} 21. Bd4 {[%emt 0:00:22]} e5 {[%emt 0:01:37]} 22. Bc3 {[%emt 0:00:11]} f5 {[%emt 0:00:03]} 23. Nbd2 {[%emt 0:00:42]} Nxa3 {[%emt 0:02:04]} 24. exf5 {[%emt 0:01:31]} Qb6+ {[%emt 0:00:56]} 25. Kh1 {[%emt 0:00:16]} Nc4 {[%emt 0:00:04]} 26. Nxc4 {[%emt 0:00:21]} Rxc4 {[%emt 0:00:18]} 27. Ne3 {[%emt 0:00:09]} Rcc8 {[%emt 0:00:48]} 28. Qd3 {[%emt 0:01:20]} Qc5 {[%emt 0:00:50]} 29. Red1 {[%emt 0:03:14]} Bg5 {[%emt 0:00:33]} 30. Bd2 {[%emt 0:00:16]} d5 {[%emt 0:01:31]} 31. Nxd5 {[%emt 0:01:13]} Bxd2 {[%emt 0:00:37]} 32. Rxd2 {[%emt 0:00:41]} Rcd8 {[%emt 0:01:46]} 33. Nf6+ {[%emt 0:01:08]} Kf7 {[%emt 0:00:54]} 34. Qb3+ {[%emt 0:00:16]} Kxf6 {[%emt 0:02:19]} 35. Qe6+ {[%emt 0:00:03]} Kg5 {[%emt 0:00:01]} 36. h4+ {[%emt 0:00:18]} Kxh4 {[%emt 0:02:08]} 37. f6 {[%emt 0:00:01]} Qc4 {[%emt 0:00:39]} 38. g3+ {[%emt 0:00:43]} Kxg3 {[%emt 0:00:38]} 39. Rg2+ {[%emt 0:00:06]} Kxf3 {[%emt 0:00:45]} 40. Qf5+ {[%emt 0:00:03]} Ke3 {[%emt 0:00:55]} 41. Qf2+ {[%emt 0:00:07]} Ke4 {[%emt 0:00:13]} 42. Re1+ {[%emt 0:00:13]} Kd5 {[%emt 0:00:06]} 43. Rd1+ {[%emt 0:00:27]} Ke6 {[%emt 0:00:07]} 44. Qb6+ {[%emt 0:00:01]} Qc6 {[%emt 0:00:09]} 45. Qxc6+ {[%emt 0:00:27]} Bxc6 {[%emt 0:00:03]} 46. Rxd8 {[%emt 0:00:03]} Rxd8 {[%emt 0:00:02]} 47. fxg7 {[%emt 0:00:02]} Rg8 {[%emt 0:00:02]} 0-1

[Event "African Games Rapid Open 2019"]
[Site "Casablanca"]
[Date "2019.08.27"]
[Round "6.17"]
[White "Eichab, Charles"]
[Black "Kouya, Tyeoulou Bernardin F"]
[Result "1-0"]
[WhiteElo "2016"]
[BlackElo "1770"]
[Annotator "NA"]
[PlyCount "45"]
[EventDate "2019.08.26"]
[EventType "team-tourn"]
[EventCountry "MAR"]
[SourceTitle "playchess.com"]
[Source "ChessBase"]
[SourceQuality "1"]
[TimeControl "900+10"]

1. b3 {[%emt 0:00:53]} d5 {[%emt 0:00:00]} 2. e3 {[%emt 0:00:02]} Nf6 {[%emt 0:00:00]} 3. Bb2 {[%emt 0:00:01]} e6 {[%emt 0:00:01]} 4. f4 {[%emt 0:00:07]} Be7 {[%emt 0:00:03]} 5. Nf3 {[%emt 0:00:01]} h6 {[%emt 0:00:03]} 6. Be2 {[%emt 0:00:03]} O-O {[%emt 0:00:03]} 7. O-O {[%emt 0:00:01]} c5 {[%emt 0:00:10]} 8. Ne5 {[%emt 0:00:04]} Nbd7 {[%emt 0:00:02]} 9. d3 {[%emt 0:00:11]} Qc7 {[%emt 0:00:16]} 10. Nd2 {[%emt 0:00:12]} b6 {[%emt 0:00:05]} 11. Qe1 {[%emt 0:01:03]} Kh7 {[%emt 0:00:13]} 12. Qg3 {[%emt 0:00:14]} Bb7 {[%emt 0:00:09]} 13. Ndf3 {[%emt 0:00:24]} Nh5 {[%emt 0:00:36]} 14. Qh3 {[%emt 0:00:25]} g6 {[%emt 0:00:47]} 15. g4 {[%emt 0:00:32]} Ng7 {[%emt 0:00:11]} 16. Nxd7 {[%emt 0:01:54]} Qxd7 {[%emt 0:00:03]} 17. Ng5+ {[%emt 0:00:07]} Bxg5 {[%emt 0:00:27]} 18. fxg5 {[%emt 0:00:02]} h5 {[%emt 0:00:07]} 19. gxh5 {[%emt 0:00:07]} Rh8 {[%emt 0:00:23]} 20. hxg6+ {[%emt 0:00:33]} Kg8 {[%emt 0:00:05]} 21. gxf7+ {[%emt 0:00:08]} Qxf7 {[%emt 0:00:01]} 22. Qxh8+ {[%emt 0:00:04]} Kxh8 {[%emt 0:00:03]} 23. Rxf7 {[%emt 0:00:01]} 1-0

[Event "African Games Rapid Open 2019"]
[Site "Casablanca"]
[Date "2019.08.27"]
[Round "6.20"]
[White "Beukes, Dante M"]
[Black "Koualet-Bebondi, Vianney Archeveq"]
[Result "1-0"]
[WhiteElo "2130"]
[BlackElo "1679"]
[Annotator "NA"]
[PlyCount "103"]
[EventDate "2019.08.26"]
[EventType "team-tourn"]
[EventCountry "MAR"]
[SourceTitle "playchess.com"]
[Source "ChessBase"]
[SourceQuality "1"]
[TimeControl "900+10"]

1. e4 {[%emt 0:00:00]} e5 {[%emt 0:00:00]} 2. Nf3 {[%emt 0:00:03]} d6 {[%emt 0:00:04]} 3. d4 {[%emt 0:00:01]} exd4 {[%emt 0:00:12]} 4. Qxd4 {[%emt 0:00:43]} Bd7 {[%emt 0:00:19]} 5. Be3 {[%emt 0:00:16]} Nc6 {[%emt 0:00:07]} 6. Qd2 {[%emt 0:00:04]} Nf6 {[%emt 0:02:03]} 7. Nc3 {[%emt 0:00:05]} Be7 {[%emt 0:00:20]} 8. O-O-O {[%emt 0:01:20]} O-O {[%emt 0:00:16]} 9. Kb1 {[%emt 0:00:02]} a6 {[%emt 0:00:06]} 10. Nd4 {[%emt 0:00:39]} b5 {[%emt 0:00:15]} 11. f3 {[%emt 0:00:59]} Ne5 {[%emt 0:00:15]} 12. Nd5 {[%emt 0:03:16]} c5 {[%emt 0:00:19]} 13. Nf5 {[%emt 0:01:51]} Nxd5 {[%emt 0:00:23]} 14. Qxd5 {[%emt 0:00:16]} Bxf5 {[%emt 0:00:24]} 15. exf5 {[%emt 0:00:02]} Qc8 {[%emt 0:00:50]} 16. g4 {[%emt 0:00:53]} Qc6 {[%emt 0:00:18]} 17. Be2 {[%emt 0:00:28]} Qxd5 {[%emt 0:00:22]} 18. Rxd5 {[%emt 0:00:03]} Nc6 {[%emt 0:00:28]} 19. f4 {[%emt 0:01:15]} Rab8 {[%emt 0:00:56]} 20. Bf3 {[%emt 0:00:29]} b4 {[%emt 0:00:20]} 21. g5 {[%emt 0:00:52]} f6 {[%emt 0:00:14]} 22. g6 {[%emt 0:00:19]} h6 {[%emt 0:00:09]} 23. Bf2 {[%emt 0:01:29]} a5 24. Rd2 {[%emt 0:00:21]} Na7 {[%emt 0:00:16]} 25. Re1 {[%emt 0:00:06]} Nc8 {[%emt 0:00:38]} 26. Bd5+ {[%emt 0:00:35]} Kh8 {[%emt 0:00:09]} 27. Be6 {[%emt 0:00:24]} Rb7 {[%emt 0:00:07]} 28. Rde2 {[%emt 0:00:04]} Nb6 {[%emt 0:00:23]} 29. Bf7 {[%emt 0:00:18]} Nc8 {[%emt 0:00:47]} 30. Kc1 {[%emt 0:00:53]} Rc7 {[%emt 0:00:08]} 31. Kd2 {[%emt 0:00:15]} a4 {[%emt 0:00:31]} 32. a3 {[%emt 0:00:09]} b3 {[%emt 0:00:54]} 33. cxb3 {[%emt 0:00:02]} axb3 {[%emt 0:00:01]} 34. Kc3 {[%emt 0:00:18]} c4 {[%emt 0:00:12]} 35. Be6 {[%emt 0:00:20]} d5 {[%emt 0:02:07]} 36. Bxc8 {[%emt 0:00:07]} Bd6 {[%emt 0:01:02]} 37. Be6 {[%emt 0:00:30]} Bxf4 {[%emt 0:00:08]} 38. Bxd5 {[%emt 0:00:19]} Bxh2 {[%emt 0:00:44]} 39. Bb6 {[%emt 0:00:06]} Be5+ {[%emt 0:00:13]} 40. Rxe5 {[%emt 0:00:02]} fxe5 {[%emt 0:00:21]} 41. Bxc7 {[%emt 0:00:01]} Rxf5 {[%emt 0:00:11]} 42. Rxe5 {[%emt 0:00:09]} Rxe5 {[%emt 0:00:12]} 43. Bxe5 {[%emt 0:00:05]} h5 44. Kxc4 {[%emt 0:00:08]} h4 {[%emt 0:00:05]} 45. Kxb3 {[%emt 0:00:07]} h3 {[%emt 0:00:01]} 46. Bd6 {[%emt 0:00:06]} h2 {[%emt 0:00:04]} 47. a4 {[%emt 0:00:00]} h1=Q {[%emt 0:00:00]} 48. Bxh1 {[%emt 0:00:00]} Kg8 {[%emt 0:00:00]} 49. a5 {[%emt 0:00:00]} Kh8 {[%emt 0:00:02]} 50. a6 {[%emt 0:00:00]} Kg8 {[%emt 0:00:05]} 51. a7 {[%emt 0:00:00]} Kh8 {[%emt 0:00:04]} 52. a8=R# {[%emt 0:00:00]} 1-0

[Event "African Games Rapid Open 2019"]
[Site "Casablanca"]
[Date "2019.08.27"]
[Round "6.21"]
[White "Yahi, Mohamed Salem"]
[Black "Espirito Santo, Waldyr"]
[Result "1-0"]
[WhiteElo "1928"]
[BlackElo "1923"]
[Annotator "NA"]
[PlyCount "42"]
[EventDate "2019.08.26"]
[EventType "team-tourn"]
[EventCountry "MAR"]
[SourceTitle "playchess.com"]
[Source "ChessBase"]
[SourceQuality "1"]
[TimeControl "900+10"]

1. d4 {[%emt 0:00:00]} Nf6 {[%emt 0:00:00]} 2. c4 {[%emt 0:00:00]} g6 {[%emt 0:00:00]} 3. Nc3 {[%emt 0:00:08]} Bg7 {[%emt 0:00:00]} 4. e4 {[%emt 0:00:07]} d6 {[%emt 0:00:00]} 5. f4 {[%emt 0:01:32]} O-O {[%emt 0:00:23]} 6. Nf3 {[%emt 0:00:36]} c5 {[%emt 0:00:08]} 7. d5 {[%emt 0:01:04]} e6 {[%emt 0:00:26]} 8. Be2 {[%emt 0:01:10]} exd5 {[%emt 0:00:07]} 9. cxd5 {[%emt 0:00:16]} Re8 {[%emt 0:00:04]} 10. Qc2 {[%emt 0:00:33]} Na6 {[%emt 0:00:37]} 11. a3 {[%emt 0:00:06]} Qe7 {[%emt 0:00:35]} 12. Bd3 {[%emt 0:01:59]} c4 {[%emt 0:00:13]} 13. Bxc4 {[%emt 0:01:19]} Nxe4 {[%emt 0:00:27]} 14. O-O {[%emt 0:00:45]} Nxc3 {[%emt 0:00:13]} 15. bxc3 {[%emt 0:00:27]} Bf5 {[%emt 0:00:19]} 16. Qd2 {[%emt 0:04:07]} Qc7 {[%emt 0:01:09]} 17. Bxa6 {[%emt 0:00:15]} bxa6 {[%emt 0:00:11]} 18. Bb2 {[%emt 0:00:07]} Rab8 {[%emt 0:00:26]} 19. Rac1 {[%emt 0:00:01]} Qb6+ {[%emt 0:00:09]} 20. Nd4 {[%emt 0:00:21]} Bxd4+ {[%emt 0:00:10]} 21. cxd4 {[%emt 0:00:09]} Qxb2 1-0

[Event "African Games Rapid Open 2019"]
[Site "Casablanca"]
[Date "2019.08.27"]
[Round "6.22"]
[White "Hassan, Abderrahmane"]
[Black "Kourakoumba, Florent"]
[Result "1-0"]
[WhiteElo "1786"]
[BlackElo "1677"]
[Annotator "NA"]
[PlyCount "111"]
[EventDate "2019.08.26"]
[EventType "team-tourn"]
[EventCountry "MAR"]
[SourceTitle "playchess.com"]
[Source "ChessBase"]
[SourceQuality "1"]
[TimeControl "900+10"]

1. d4 {[%emt 0:00:00]} e6 {[%emt 0:00:00]} 2. Bf4 {[%emt 0:00:04]} d6 {[%emt 0:00:02]} 3. e4 {[%emt 0:00:08]} f6 {[%emt 0:00:08]} 4. Bd3 {[%emt 0:00:11]} Be7 {[%emt 0:00:12]} 5. Nf3 {[%emt 0:00:17]} Bd7 {[%emt 0:00:05]} 6. O-O {[%emt 0:00:28]} e5 {[%emt 0:00:06]} 7. Be3 {[%emt 0:00:08]} Nc6 {[%emt 0:00:12]} 8. h3 {[%emt 0:00:07]} a6 {[%emt 0:00:09]} 9. a3 {[%emt 0:00:05]} Bf8 {[%emt 0:00:09]} 10. Bc4 {[%emt 0:00:10]} g6 {[%emt 0:00:20]} 11. dxe5 {[%emt 0:00:06]} fxe5 {[%emt 0:00:15]} 12. Bg5 {[%emt 0:00:15]} Be7 {[%emt 0:00:01]} 13. Qd5 {[%emt 0:00:04]} Nh6 {[%emt 0:00:31]} 14. Bxh6 {[%emt 0:00:03]} Qb8 {[%emt 0:00:57]} 15. Ng5 {[%emt 0:01:03]} Bxg5 {[%emt 0:00:32]} 16. Bxg5 {[%emt 0:00:01]} Rf8 {[%emt 0:00:02]} 17. Nc3 {[%emt 0:00:16]} b5 {[%emt 0:00:01]} 18. Ba2 {[%emt 0:00:02]} Ne7 {[%emt 0:00:10]} 19. Bxe7 {[%emt 0:00:27]} Kxe7 {[%emt 0:00:01]} 20. f4 {[%emt 0:00:02]} Qb6+ {[%emt 0:00:07]} 21. Kh1 {[%emt 0:00:02]} c6 {[%emt 0:00:09]} 22. Qd3 {[%emt 0:00:07]} exf4 {[%emt 0:00:09]} 23. Rad1 {[%emt 0:00:06]} Qc7 {[%emt 0:00:15]} 24. Qd2 {[%emt 0:00:11]} g5 {[%emt 0:00:09]} 25. Rfe1 {[%emt 0:00:10]} Rae8 {[%emt 0:00:10]} 26. e5 {[%emt 0:00:05]} d5 {[%emt 0:00:08]} 27. Qd3 {[%emt 0:00:13]} Bf5 {[%emt 0:00:05]} 28. Qd4 {[%emt 0:00:03]} Kd8 {[%emt 0:00:19]} 29. Bxd5 {[%emt 0:01:03]} cxd5 {[%emt 0:00:09]} 30. Nxd5 {[%emt 0:00:03]} Qd7 {[%emt 0:03:00]} 31. Qb6+ {[%emt 0:01:59]} Kc8 {[%emt 0:00:11]} 32. Qc5+ {[%emt 0:01:59]} Kb8 {[%emt 0:00:41]} 33. Qb6+ {[%emt 0:00:40]} Qb7 {[%emt 0:00:23]} 34. Qd6+ {[%emt 0:00:14]} Ka7 {[%emt 0:00:19]} 35. Qc5+ {[%emt 0:00:31]} Kb8 {[%emt 0:00:15]} 36. Nb4 {[%emt 0:00:29]} Rc8 {[%emt 0:00:40]} 37. Qd6+ {[%emt 0:00:03]} Ka7 {[%emt 0:00:19]} 38. Qd4+ {[%emt 0:00:50]} Ka8 {[%emt 0:00:09]} 39. Nd5 {[%emt 0:00:58]} Rxc2 {[%emt 0:00:17]} 40. Nb6+ {[%emt 0:00:06]} Kb8 {[%emt 0:00:08]} 41. Qd6+ {[%emt 0:00:03]} Ka7 {[%emt 0:00:14]} 42. Nd5 {[%emt 0:00:25]} Rfc8 {[%emt 0:00:30]} 43. e6 {[%emt 0:00:15]} R2c6 {[%emt 0:00:32]} 44. Qe7 {[%emt 0:01:47]} Qxe7 45. Nxe7 Bxe6 {[%emt 0:01:07]} 46. Nxc8+ Rxc8 47. Rxe6 {[%emt 0:00:00]} Rc7 {[%emt 0:00:19]} 48. Rdd6 {[%emt 0:00:00]} h5 {[%emt 0:00:08]} 49. Rxa6+ {[%emt 0:00:00]} Kb7 {[%emt 0:00:03]} 50. Reb6+ {[%emt 0:00:00]} Kc8 {[%emt 0:00:01]} 51. Rc6 {[%emt 0:00:00]} g4 {[%emt 0:00:06]} 52. Rxc7+ {[%emt 0:00:00]} Kxc7 53. Rh6 {[%emt 0:00:00]} f3 {[%emt 0:00:03]} 54. gxf3 {[%emt 0:00:00]} gxf3 {[%emt 0:00:02]} 55. Rf6 {[%emt 0:00:00]} h4 {[%emt 0:00:16]} 56. Kg1 {[%emt 0:00:00]} 1-0

[Event "African Games Rapid Open 2019"]
[Site "Casablanca"]
[Date "2019.08.27"]
[Round "7.1"]
[White "Adly, Ahmed"]
[Black "Boudriga, Mohamed Ali"]
[Result "1-0"]
[WhiteElo "2636"]
[BlackElo "2325"]
[Annotator "TA"]
[PlyCount "77"]
[EventDate "2019.08.26"]
[EventType "team-tourn"]
[EventCountry "MAR"]
[SourceTitle "playchess.com"]
[Source "ChessBase"]
[SourceQuality "1"]

{[%evp 15,77,0,0,0,0,0,0,0,0,0,0,0,0,-20,0,0,8,-57,-20,-22,-16,-27,-23,-83,-11,-10,-12,-13,-14,-17,-12,-12,-6,-11,0,0,4,0,0,0,3,0,91,90,172,177,167,162,158,135,131,134,159,159,165,166,159,159,166,164,192,202,268,262]} 1. Nf3 Nf6 2. c4 e6 3. e3 d5 4. b3 c5 5. Bb2 Nc6 6. Be2 Be7 7. O-O O-O 8. cxd5 Nxd5 9. Qc1 {A13: English Opening: 1...e6} (9. Nc3 Nxc3 10. Bxc3 b6 11. Qc2 Bb7 12. Qb2 Bf6 13. Rfd1 Bxc3 14. Qxc3 Rc8 15. a3 Qe7 16. Qb2 a5 17. Rac1 {½-½ (30) Moussard,J (2521)-Fressinet,L (2722) Orsay 2018}) 9... b6 $146 ({Predecessor:} 9... Bd7 10. Nc3 Rc8 11. d3 Re8 12. Qd2 Nxc3 13. Bxc3 Bf6 14. Rac1 b6 15. a4 {½-½ (15) Libeau,R (2450)-Lau,R (2510) Germany 1996}) 10. d4 Bb7 11. dxc5 {The position is equal.} Bxc5 12. Nc3 Nf6 13. Rd1 Qe7 14. a3 Rac8 15. Qb1 Rfd8 16. Rc1 (16. Rxd8+ $11 Rxd8 17. Qc2) 16... h6 17. b4 Bd6 18. Nb5 Bb8 19. h3 (19. Rd1 $11) 19... a6 (19... e5 $17 20. Rd1 a6) 20. Nbd4 $1 $11 Nxd4 21. Bxd4 Nd7 22. Ra2 Rxc1+ 23. Qxc1 e5 24. Ba1 Nf6 25. Rd2 Rxd2 26. Qxd2 b5 27. Bd1 Bd5 28. Qc3 Bxf3 (28... Qb7 $11 {keeps the balance.}) 29. Bxf3 $16 {Hoping for Qc8+.} Qc7 (29... Qe6 $16) 30. Qxc7 $18 Bxc7 {[%mdl 4096] Endgame KBB-KBN} 31. Bb7 a5 32. Bc6 axb4 33. axb4 Bd6 34. Bc3 ({Don't take} 34. Bxb5 Nd5 $16) 34... Kf8 35. e4 ({Don't play} 35. Bxb5 $6 Nd5 $14) 35... Ke7 36. f3 Bc7 37. Bxb5 Bb6+ 38. Kf1 Nh5 39. Bxe5 {Accuracy: White = 81%, Black = 59%.} 1-0

[Event "African Games Rapid Open 2019"]
[Site "Casablanca"]
[Date "2019.08.27"]
[Round "7.2"]
[White "Arab, Adlane"]
[Black "Amin, Bassem"]
[Result "0-1"]
[WhiteElo "2485"]
[BlackElo "2692"]
[Annotator "TA"]
[PlyCount "86"]
[EventDate "2019.08.26"]
[EventType "team-tourn"]
[EventCountry "MAR"]
[SourceTitle "playchess.com"]
[Source "ChessBase"]
[SourceQuality "1"]

{[%evp 12,86,8,0,0,0,0,0,0,-6,6,-31,32,34,27,29,36,-4,-3,-4,0,-25,-16,-52,-39,-43,-41,-67,0,0,0,0,0,-20,-16,-30,-30,-65,-16,-16,-25,-49,-41,-80,-83,-73,-65,-126,-118,-125,-118,-107,-108,-116,-94,-146,-117,-135,-135,-188,-170,-206,-206,-278,-175,-368,-354,-638,-623,-675,-662,-1186,-1089,-29958,-29956,-29975,-29976]} 1. d4 Nf6 2. Bg5 e6 3. Nf3 c5 4. e3 Qb6 5. Bxf6 gxf6 6. Nbd2 d5 7. c4 cxd4 {D03: 1 d4 d5 2 Nf3 Nf6 3 Bg5, including Torre Attack with early ...d5} 8. Nxd4 (8. exd4 Nc6 9. cxd5 exd5 10. Bd3 Be6 11. O-O O-O-O 12. Qa4 Bh6 13. Nb3 Qb4 14. Bb5 Qxa4 15. Bxa4 Ne7 16. Rfe1 {1-0 (39) Hug,W (2483)-Froewis,G (2419) Switzerland 2018}) 8... Nc6 9. cxd5 Nxd4 {The position is equal.} 10. exd4 exd5 11. Bd3 Bd6 $146 (11... Qxb2 12. O-O $14) (11... Qxd4 $15 12. Bb5+ Kd8) ({Predecessor:} 11... Bb4 12. O-O Qxd4 13. Nf3 Qb6 14. a3 Bd6 15. Qa4+ {½-½ (24) Jovanovic,S (2156)-Tisma,I (2222) Belgrade 2016}) 12. O-O $14 Qxd4 13. Nf3 Qb6 14. Qa4+ {[%mdl 1024] White has compensation.} Kf8 $1 15. Qh4 $1 h5 16. Kh1 Kg7 ({Much weaker is} 16... Qxb2 $6 17. Rab1 $16) 17. Rad1 Bg4 $1 18. Bb1 Rad8 19. Nd4 Bc5 (19... Bxd1 $15 20. Nf5+ Kf8 21. Qxf6 Rg8 22. Qh6+ Ke8) 20. f3 $11 Bc8 21. b3 Rde8 22. Nf5+ Bxf5 $1 23. Bxf5 Re5 24. Bd3 Qe6 25. b4 Bb6 26. Bc2 d4 27. Be4 Qxa2 28. Bxb7 Qc4 29. f4 ({White should play} 29. Rb1 $15) 29... Re3 $17 30. Rf3 Qxb4 $40 {[%mdl 128] Black goes for the king.} 31. Rg3+ Rxg3 32. Qxg3+ Kh6 33. Bd5 ({Better is} 33. Qh4 Kg7 34. Qg3+ Kf8 35. Rc1) 33... Qe7 34. Re1 Qd7 35. Qh4 (35. Bc4 $17) 35... Kg7 ({Avoid the trap} 35... Qxd5 $2 36. Qxf6+ Kh7 37. Re7 $16 (37. Re5 Qxe5 38. fxe5 Kg8 $16)) 36. Qg3+ Qg4 37. Re7 Rf8 38. Qe1 $2 {[#]} (38. Qf3 {is the only way for White.}) 38... Qxf4 $19 39. Re4 $2 (39. g3 Qf5 40. Be4) 39... Qg5 40. Bc4 Rc8 41. h4 Qg6 42. Bd3 Rc3 43. Qf1 Qg3 {Accuracy: White = 25%, Black = 76%.} 0-1

[Event "African Games Rapid Open 2019"]
[Site "Casablanca"]
[Date "2019.08.27"]
[Round "7.3"]
[White "Kayonde, Andrew"]
[Black "Wanyama, Harold"]
[Result "1/2-1/2"]
[WhiteElo "2384"]
[BlackElo "2293"]
[Annotator "TA"]
[PlyCount "143"]
[EventDate "2019.08.26"]
[EventType "team-tourn"]
[EventCountry "MAR"]
[SourceTitle "playchess.com"]
[Source "ChessBase"]
[SourceQuality "1"]

{[%evp 12,143,27,25,60,31,145,70,80,70,85,0,0,0,38,0,0,0,0,-14,39,-67,-8,-11,0,-120,24,2,129,130,246,227,247,250,269,262,271,253,238,246,278,272,279,228,427,439,473,429,510,415,527,499,580,575,698,659,961,810,1450,1415,1339,925,1772,1607,2408,2304,2357,2216,29991,2866,3950,29989,983,0,0,0,0,0,0,0,0,0,0,0,13,15,8,8,8,35,35,0,0,0,0,0,0,0,0,0,0,0,0,0,0,0,0,0,0,0,0,0,0,0,0,0,0,0,0,0,0,0,0,0,0,0,0,0,0,0,0,0,0,0]} 1. d4 d5 2. Bf4 Nf6 3. e3 g6 4. c4 Bg7 5. Nc3 O-O 6. Rc1 c6 7. Nf3 Ne4 {D93: Grünfeld: 4 Nf3 Bg7 5 Bf4 0-0 6 e3} (7... Qb6 8. Qd2 Bg4 9. Ne5 Be6 10. Be2 Nbd7 11. Nxd7 Bxd7 12. O-O dxc4 13. Bxc4 Bf5 14. f3 Qb4 15. Be2 Nd5 {½-½ (60) Zhigalko,S (2655)-Gabuzyan,H (2585) Al Ain 2015}) 8. Bd3 f5 $146 (8... Nxc3 $14 9. bxc3 (9. Rxc3 c5 $11) 9... Nd7) ({Predecessor:} 8... Nxc3 9. bxc3 Qa5 10. O-O Qxa2 11. Ra1 Qb2 12. Qa4 dxc4 13. Qxc4 Be6 14. Qc5 Nd7 15. Qxe7 {½-½ (31) Malek,D (2388)-Tazbir,M (2531) Frankfurt Sossenheim 2015}) 9. O-O (9. cxd5 $1 $16 Nxc3 10. bxc3 (10. Rxc3 cxd5 11. h4 h6 $16)) 9... e6 $1 $14 {White is slightly better.} 10. Qb3 Kh8 11. Be5 ({White should try} 11. Be2 $16) 11... Bxe5 $1 $11 12. dxe5 Nd7 13. Rfd1 Qe7 14. h4 Qg7 15. Qa3 Re8 (15... Rg8 $11) 16. Na4 ({White should play} 16. cxd5 $1 $14 exd5 17. Nxd5 cxd5 18. Rc7) 16... a6 ({Reject} 16... Nxe5 $6 17. Nxe5 Qxe5 18. Nb6 $11) (16... h6 $15) 17. b4 b5 18. cxb5 (18. cxd5 $11 {was the only way to keep the balance.} exd5 19. e6 Rxe6 20. Nc3) 18... cxb5 (18... axb5 $17 19. Rxc6 Rxa4) 19. Nc5 $36 {[%mdl 2048] White is pushing.} Nexc5 (19... Nb6 $1 $11 {remains equal.}) 20. bxc5 $16 Rb8 (20... Nxe5 $16 21. Nxe5 Qxe5) 21. Qb2 $18 Qe7 22. Qd4 Nf8 23. c6 Qc7 24. Rc5 h6 25. Rdc1 Kg7 26. g4 Re7 27. g5 Kh8 $2 (27... hxg5 {might work better.} 28. Nxg5 (28. hxg5 b4 $16) 28... b4) 28. gxh6 Rh7 29. Qf4 Kg8 30. Kh2 Qe7 31. R5c2 b4 32. c7 Ra8 33. Rg1 Kh8 34. Ng5 Ra7 35. Nxh7 Kxh7 36. Qg5 Qf7 {[#]} 37. h5 $1 a5 (37... gxh5 38. Qd8) 38. Qd8 Ra8 {[#]} 39. Ba6 $1 {[%mdl 512]} f4 (39... Rxa6 40. Qxc8) 40. Bxc8 (40. hxg6+ $142 Nxg6 {[#]} 41. Bd3 $1 {[%mdl 512]} Ba6 42. Bxg6+ Qxg6 43. Rxg6 Kxg6 44. c8=Q {[%mdl 64] Discovered Attack} Rxc8 45. Qf6+ $1 {[%mdl 512]} Kh5 46. Rxc8 Kg4 47. Qxf4+ Kh5 48. Rg8 Bf1 49. Qg5#) 40... Qf5 {[#]} 41. Rg5 $3 Qxc2 42. Qxf8 $2 ({Better is} 42. Bxe6 $18 fxe3 43. hxg6+ Nxg6 44. Qxa8 Qxf2+ 45. Rg2 Qh4+ 46. Bh3 Qf4+ 47. Kg1) 42... Qxf2+ $11 {[%mdl 64] Double Attack} 43. Kh3 {[%csl Gg5][%cal Rh5g6]} Qxe3+ 44. Kh2 {[%csl Gg5][%cal Rh5g6]} Qf2+ 45. Kh1 {[%csl Gg5][%cal Rh5g6]} Qh4+ 46. Kg2 {[%csl Gg5][%cal Rh5g6]} Qxg5+ {[%mdl 4160] Endgame Double Attack. KQR-KQB} 47. Kf1 {[%csl Gh6][%cal Rf8g7]} Qxe5 48. Qf7+ {[%mdl 64] Double Attack} Kh8 49. Qe8+ Kh7 {...Qa1+ is the strong threat.} 50. Qxg6+ Kh8 51. Qg7+ Qxg7 {The position is equal.} 52. hxg7+ Kxg7 53. Bxe6 {KR-KB} Kh6 54. c8=Q Rxc8 55. Bxc8 {KB-KP} a4 56. Bd7 b3 57. a3 $1 b2 ({Not} 57... Kxh5 $2 58. Bxa4 Kg5 59. Bxb3 $18) 58. Bf5 Kxh5 59. Kf2 {aiming for Kf3.} Kg5 60. Bb1 {Strongly threatening Kf3.} Kg4 61. Bc2 f3 62. Bb1 Kf4 63. Bc2 Ke5 {Hoping for ...Kd4.} 64. Kxf3 {And now Ke3 would win. KB-K3P} Kd4 65. Ke2 Kc3 66. Bb1 Kb3 67. Kd3 Kxa3 68. Kc3 $1 {[#]} d4+ $1 {[%mdl 512]} 69. Kc4 {[#]} (69. Kxd4 Kb3) 69... d3 $1 {[%mdl 512]} 70. Bxd3 Ka2 71. Kb4 a3 72. Bf5 {Accuracy: White = 58%, Black = 29%.} 1/2-1/2